| 000 | 00000nam 2200000za 4500 |
| 001 | 9.822498 |
| 003 | CaOODSP |
| 005 | 20221107143706 |
| 007 | cr ||||||||||| |
| 008 | 160812s2005 qucabo ob f000 0 eng d |
| 020 | |z0-662-38622-1 |
| 040 | |aCaOODSP|beng |
| 043 | |an-cn--- |
| 086 | 1 |aR64-303/2004E-PDF|zR64-303/2004E |
| 110 | 2 |aParks Canada. |
| 245 | 10|aArdgowan National Historic Site of Canada |h[electronic resource] : |bmanagement plan. |
| 260 | |a[Gatineau, QC] : |bParks Canada, Atlantic Service Centre, |cc2005. |
| 300 | |ax, 40 p. : |bill., maps |
| 500 | |a"May 2005.” |
| 500 | |aIssued also in French under title: Lieu historique national du Canada Ardgowan : plan directeur. |
| 504 | |aIncludes bibliographical references. |
| 530 | |aIssued also in printed form. |
| 692 | 07|2gccst|aHistoric sites |
| 692 | 07|2gccst|aManagement |
| 692 | 07|2gccst|aPlanning |
| 710 | 2 |aParks Canada. |bAtlantic Service Centre. |
| 775 | 08|tLieu historique national du Canada Ardgowan |w(CaOODSP)9.822500 |
| 776 | 0#|tArdgowan national historic site of Canada : |w(CaOODSP)9.649479 |
| 856 | 40|qPDF|s2.35 MB|uhttps://publications.gc.ca/collections/collection_2016/pc/R64-303-2004-eng.pdf |